000 01229nam a2200301 i 4500
001 181117
003 ES-MaACL
005 20231008175930.0
008 121017s2008 sp | |||||||| | spa d
020 _a978-84-7960-398-4
080 _a94(44)"1793/1800"
080 _a94(441.4 N.)"17"
100 1 _aBabeuf, Gracchus.
_924415
245 1 3 _aEl sistema de despoblación, genocidio y Revolución francesa /
_cFrançois-Noël "Gracchus" Babeuf ; estudio preliminar María Teresa Glez. Cortés ; traducción, Evelyne Pintor ; revisión de la traducción María Teresa Glez. Cortés.
260 _aMadrid :
_bEdiciones de la Torre,
_c2008.
300 _a190 p. ;
_c24 cm.
490 1 _aBiblioteca de nuestro mundo ;
_v02.
_aTamiz
500 _aEn el lomo: 508.
504 _aBibliografía: p. [187]-190.
651 4 _aFrancia-
_xHistoria-
_y1793-1800, Guerra de la Vendée.
_9141200
651 4 _aNantes-
_xHistoria.
_9151666
700 1 _aGonzález Cortés, María Teresa.
_9138926
700 1 _aPintor, Evelyne.
_9151667
830 1 _aBiblioteca de nuestro mundo ;
_v02.
_aTamiz
_9224699
852 _aES-MaACL
_jA-12328
_9188000
_bR.148550
_cDEPO1
_dOlim: N-5333
942 _2udc
_cMONOGRAFIA
999 _c181117
_d181117